000 00347nam a2200145Ia 4500
008 230718s9999 xx 000 0 und d
041 _aEng.
082 _a348.028
_bWEL-I
100 _aWellington Harry H.
245 0 _aInterpreting the Constitation
260 _aPakistan
_bUniversal Law
_c2005
300 _a196
650 _aLaw
999 _c29848
_d29848